LEADER 00815nam2-22003011i-450- 001 990000174850403321 035 $a000017485 035 $aFED01000017485 035 $a(Aleph)000017485FED01 035 $a000017485 100 $a20011111d--------km-y0itay50------ba 101 0 $aita 105 $ay-------001yy 200 1 $a[Testo]. 415 p. 210 $aTorino$cPresso A.F. Negro$d1874- 215 $av.$d24 cm 461 0$1001000013237$12001$aGeometria pratica applicata all'arte del costruttore 610 0 $aTopografia 676 $a526.89 700 1$aCurioni,$bGiovanni$f<1831-1887>$06174 801 0$aIT$bUNINA$gRICA$2UNIMARC 901 $aBK 912 $a990000174850403321 952 $a13 AR 25 B 28$b9257$fFINBC 959 $aFINBC 996 $a415 p$9121303 997 $aUNINA DB $aING01 LEADER 02151nam2-2200385---450- 001 990003545420203316 005 20110629134750.0 010 $a978-92-9207-931-4 035 $a000354542 035 $aUSA01000354542 035 $a(ALEPH)000354542USA01 035 $a000354542 100 $a20110629d2010----km-y0itay0103----ba 101 $aita 102 $aLU 105 $a||||||||001yy 200 1 $a<> gestione del sistema dei controlli veterinari sulle importazioni di carne da parte della Commissione dopo le riforme del 2004 della normativa in materia di igiene$fCorte dei conti europea 210 $aLussemburgo$cUfficio delle pubblicazioni dell'Unione europea$d2010 215 $a61 p.$cill.$d30 cm 225 2 $aRelazione speciale$v14 330 $aSulla scia delle gravi crisi sanitarie degli anni novanta, e sulla base del Libro bianco sulla sicurezza alimentare, nel 2004 è stato deciso un nuovo quadro normativo, noto come «pacchetto igiene». L?audit condotto dalla Corte ha preso in esame la gestione, da parte della Commissione, del sistema dei controlli veterinari sulle importazioni di carne e di prodotti a base di carne, concludendo che l?attuazione del «pacchetto igiene» deve essere ancora completata e che vi sono margini di miglioramento per i sistemi informativi disponibili ai posti di ispezione frontalieri e per i controlli da essi svolti. [Abstract tratto dalla pubblicazione] 410 0$1001000351941$aRelazione speciale 606 0 $aCarne$xImportazione$xControllo sanitario$yPaesi dell'Unione europea$2BNCF 676 $a344.404232 699 $a15.03$bSicurezza alimentare 710 02$aCORTE DEI CONTI EUROPEA$0541549 801 0$aIT$bsalbc$gISBD 856 4 $uhttp://eca.europa.eu$4.$zAccesso libero online 912 $a990003545420203316 951 $aCDE 15.03 (V)$bCDE 2736$cCDE 15.03$d00151239 959 $aBK 969 $aCDE 979 $aMARIAS$b90$c20110629$lUSA01$h1347 996 $aGestione del sistema dei controlli veterinari sulle importazioni di carne da parte della Commissione dopo le riforme del 2004 della normativa in materia di igiene$91116613 997 $aUNISA